Zgadnij państwa Europy w 5 minut! - Statystyki

Ogólne statystyki
  • Ten quiz został rozwiązany 206 razy
    73 od ostatniego zresetowania
  • Średni wynik to 39 z 45
Statystyki odpowiedzi
Odpowiedź % Poprawnych
Rosja
100%
Hiszpania
98%
Niemcy
98%
Polska
98%
Portugalia
98%
Chorwacja
93%
Czechy
93%
Norwegia
93%
Szwecja
93%
Dania
91%
Finlandia
91%
Francja
91%
Łotwa
91%
Rumunia
91%
Słowacja
91%
Włochy
91%
Białoruś
89%
Estonia
89%
Islandia
89%
Litwa
89%
Ukraina
89%
Szwajcaria
87%
Albania
85%
Austria
85%
Belgia
85%
Bośnia i Hercegowina
85%
Irlandia
85%
Słowenia
85%
Watykan
85%
Andora
83%
Grecja
83%
Holandia
83%
Wielka Brytania
83%
Bułgaria
81%
Luksemburg
80%
Mołdawia
80%
San Marino
80%
Serbia
80%
Monako
78%
Węgry
78%
Macedonia Północna
76%
Czarnogóra
74%
Kosowo
74%
Liechtenstein
74%
Malta
70%
Nie znaleziono quizów pasujących do podanych kryteriów
Rozkład punktacji
Procent ludzi z każdym wynikiem
Percentyl według liczby udzielonych odpowiedzi
Twoja historia wyników
Nie rozwiązałeś tego quizu od ostatniego zresetowania